000
00296nam a22001217a 4500
008
190315b xxu||||| |||| 00| 0 eng d
041
_a
eng
080
_a
043.3
100
_a
0
101
_a
SHKI-BA
245
_a
Menaxhim i rrezikut të sigurisë së informacionit
_c
Perçuku,V
942
_2
udc
_c
BK
999
_c
54841
_d
54841